005330000a2200169000450024500880000050000350008865000130012365000260013665000240016265000210018665100150020765300270022204100130024970000200026210000180028277300630030010aArthropod abundance and diversity in differently vegetated margins of arable fields aColección uso y valoración14aInsectos14aMétodos de muestreo14aSistemas de cultivo14aPaisajes rurales 4pInglaterra gLoliumeLolium perenne0 aInglés1 aMarshall, E. J.1 aThomas, C. F.1 tAgriculture, Ecosystems and Environmentq131-144d1999g72